000 00615nam a2200229Ia 4500
003 OSt
005 20220916111031.0
006 a|||||r|||| 00| 0
007 ta
008 220915b |||||||| |||| 00| 0 eng d
024 _a124037
037 _cTextbook
040 _beng
_aARTS
_cARTS
041 _aeng
082 _aV642oj1N45.N5, K1
100 _aGoldblatt I
245 0 _aMandated territory of South West Africa in relations to the United Nations
260 _aNA
_bNA
650 _aHISTORY
942 _hV642oj1N45.N5, K1
_cTB
_2CC
999 _c103988
_d103988